| 000 | 00657nam a2200133Ia 4500 | ||
|---|---|---|---|
| 008 | 171207s9999 xx 000 0 und d | ||
| 100 | _aDo Amaral, J. | ||
| 245 | 4 | _aThe dynamics of connecting universities, non-governmental organizations and community members by means of academic projects directed at people in need | |
| 245 | _cJoão Alberto Arantes do Amaral & Cristina Toshie Motohashi Matsusaki | ||
| 260 | _c2017 | ||
| 300 | _apages 280-299, 2017 | ||
| 440 |
_aEducational Action Research _v25:2 |
||
| 650 | _aAction research, project-based learning, systems thinking, systemic action research, course development, university/community relationship | ||
| 999 |
_c347450 _d347450 |
||